[Event "18. Obert Int. Sant Marti 2016"]
[Site "Barcelona ESP"]
[Date "2016.07.17"]
[Round "5.5"]
[White "Libiszewski, Fabien"]
[Black "Cuartas, Jaime Alexander"]
[Result "1/2-1/2"]
[WhiteElo "2542"]
[BlackElo "2455"]
[PlyCount "170"]
[EventDate "2016.07.13"]
[EventType "swiss"]
[EventRounds "9"]
[EventCountry "ESP"]
[SourceTitle "Ajedrez en Madrid"]
[Source "lmi"]
[SourceDate "2016.07.13"]
[SourceVersion "1"]
[SourceVersionDate "2019.06.21"]
[SourceQuality "1"]

1. e4 c6 2. d4 d5 3. e5 Bf5 4. Nf3 e6 5. Be2 Nd7 6. O-O Ne7 7. Nh4 Bg6 8. Nd2
c5 9. c3 Nc6 10. Nxg6 hxg6 11. Nf3 cxd4 12. cxd4 Be7 13. Bd2 a6 14. Rc1 O-O 15.
Bd3 Rc8 16. g3 Qb6 17. Bc3 Rfe8 18. h4 Nf8 19. Kg2 f6 20. exf6 gxf6 21. Qd2 Qd8
22. Qh6 f5 23. Qf4 Qd6 24. Ne5 Nxe5 25. dxe5 Qd8 26. Bd2 Qb6 27. b3 g5 28. hxg5
Ng6 29. Qf3 Kg7 30. Qe2 Bb4 31. Bxb4 Qxb4 32. f4 Rh8 33. Rc2 Qd4 34. Rxc8 Rxc8
35. Rd1 Rc3 36. Qf2 Qb4 37. Kf1 Rc8 38. Qe3 Ne7 39. Kg2 Rc3 40. Qg1 Qa5 41. Qf2
Ng6 42. Qe2 Qb4 43. Qh5 Qf8 44. Rh1 Qg8 45. Bb1 b5 46. Qh6+ Kf7 47. Kf2 Qf8 48.
Qxf8+ Nxf8 49. Rg1 Ng6 50. Ke2 Ne7 51. Kd2 b4 52. Bd3 a5 53. Rh1 Kg7 54. Rh6
Ng6 55. Rh3 a4 56. bxa4 Ra3 57. Ke3 Rxa2 58. Rh1 Rxa4 59. Rc1 Ra7 60. Rc6 Nf8
61. Rb6 Ra4 62. Rb7+ Kg8 63. Kd4 Ra2 64. g4 fxg4 65. Rxb4 g3 66. Rb1 g2 67. Rg1
Kg7 68. Ke3 Ng6 69. Bxg6 Kxg6 70. Kf3 Kf5 71. Rxg2 Ra3+ 72. Ke2 Kxf4 73. g6
Ra2+ 74. Kf1 Ra8 75. g7 Rg8 76. Rf2+ Kxe5 77. Rf7 Kd6 78. Ke2 e5 79. Ke3 Ke6
80. Ra7 Kf6 81. Ra5 Ke6 82. Ra7 Rd8 83. Kd3 Rg8 84. Ke3 Kf5 85. Rf7+ Ke6
1/2-1/2

[Event "18. Obert Int. Sant Marti 2016"]
[Site "Barcelona ESP"]
[Date "2016.07.17"]
[Round "5.6"]
[White "Bachmann, Axel"]
[Black "Gonzalez Rodriguez, Jorge A."]
[Result "1-0"]
[WhiteElo "2649"]
[BlackElo "2310"]
[PlyCount "133"]
[EventDate "2016.07.13"]
[EventType "swiss"]
[EventRounds "9"]
[EventCountry "ESP"]
[SourceTitle "Ajedrez en Madrid"]
[Source "lmi"]
[SourceDate "2016.07.13"]
[SourceVersion "1"]
[SourceVersionDate "2019.06.21"]
[SourceQuality "1"]

1. d4 Nf6 2. c4 e6 3. g3 d5 4. Nf3 Nbd7 5. Bg2 c6 6. Nbd2 Bd6 7. O-O O-O 8. Qc2
Re8 9. b3 Qe7 10. Bb2 Ba3 11. Bxa3 Qxa3 12. e4 Nxe4 13. Nxe4 dxe4 14. Qxe4 a5
15. Qc2 h6 16. Rfe1 a4 17. Qc3 Rd8 18. c5 b6 19. cxb6 Bb7 20. Ne5 Nxb6 21. Bxc6
Bxc6 22. Qxc6 Nd5 23. Qb7 Qf8 24. Nc6 Rdc8 25. Rec1 Rc7 26. Qb5 Qe8 27. Rc5
axb3 28. a4 b2 29. Rb1 Rac8 30. Na5 Qxb5 31. axb5 Rxc5 32. dxc5 Rxc5 33. Rxb2
Nb6 34. Nc6 f6 35. Nd4 e5 36. Nf5 e4 37. Nd4 Rd5 38. Rb4 f5 39. h4 g6 40. h5 g5
41. Kg2 Kf7 42. g4 fxg4 43. Kg3 Kf6 44. Kxg4 Ke5 45. Nf5 Rd1 46. Ng3 Nd5 47.
Rxe4+ Kf6 48. Rc4 Ke5 49. Re4+ Kf6 50. Re8 Rd4+ 51. Kf3 Rf4+ 52. Kg2 Rb4 53.
Rb8 Ke5 54. Rh8 Nf4+ 55. Kf3 Rb3+ 56. Kg4 Rxb5 57. Rxh6 Ne6 58. f3 Rb1 59. Rh8
Rb4+ 60. Ne4 Rb1 61. Re8 Rg1+ 62. Ng3 Rg2 63. Ra8 Rh2 64. Ra5+ Kf6 65. Ne4+ Kg7
66. Ra7+ Kh6 67. Ra6 1-0

[Event "18. Obert Int. Sant Marti 2016"]
[Site "Barcelona ESP"]
[Date "2016.07.17"]
[Round "5.7"]
[White "Liu, Chang"]
[Black "Karthikeyan, Murali"]
[Result "0-1"]
[WhiteElo "2361"]
[BlackElo "2513"]
[PlyCount "46"]
[EventDate "2016.07.13"]
[EventType "swiss"]
[EventRounds "9"]
[EventCountry "ESP"]
[SourceTitle "Ajedrez en Madrid"]
[Source "lmi"]
[SourceDate "2016.07.13"]
[SourceVersion "1"]
[SourceVersionDate "2019.06.21"]
[SourceQuality "1"]

1. e4 c5 2. Nf3 e6 3. g3 Nc6 4. Bg2 Nf6 5. Qe2 d6 6. O-O Be7 7. c3 e5 8. h3 O-O
9. Rd1 Re8 10. d4 exd4 11. cxd4 Bf8 12. Bg5 h6 13. Bxf6 Qxf6 14. Nc3 a6 15. Nd5
Qd8 16. dxc5 dxc5 17. e5 Bf5 18. Nb4 Nd4 19. Nxd4 cxd4 20. Nd3 Qd7 21. g4 Bxd3
22. Qxd3 Rxe5 23. Qxd4 Re1+ 0-1

[Event "18. Obert Int. Sant Marti 2016"]
[Site "Barcelona ESP"]
[Date "2016.07.17"]
[Round "5.8"]
[White "Lillo Castany, Victor"]
[Black "Asis Gargatagli, Hipolito"]
[Result "0-1"]
[WhiteElo "2312"]
[BlackElo "2504"]
[PlyCount "70"]
[EventDate "2016.07.13"]
[EventType "swiss"]
[EventRounds "9"]
[EventCountry "ESP"]
[SourceTitle "Ajedrez en Madrid"]
[Source "lmi"]
[SourceDate "2016.07.13"]
[SourceVersion "1"]
[SourceVersionDate "2019.06.21"]
[SourceQuality "1"]

1. e4 c5 2. Nf3 d6 3. d4 cxd4 4. Nxd4 Nf6 5. Nc3 a6 6. f4 Nbd7 7. a4 g6 8. Bd3
Bg7 9. Nf3 O-O 10. O-O Nc5 11. Kh1 b6 12. Qe1 Bb7 13. b4 Ncxe4 14. Bb2 d5 15.
Ne5 Qc7 16. Rd1 Rac8 17. Nxe4 dxe4 18. Bc4 e6 19. Bb3 b5 20. axb5 axb5 21. Qe2
Bd5 22. Qxb5 Bxb3 23. cxb3 Qc2 24. Bd4 Nd5 25. Bc5 Nxf4 26. Rxf4 Qxd1+ 27. Rf1
Qd5 28. Nc4 Qd3 29. Nd6 Ra8 30. Qc4 Ra1 31. Rxa1 Bxa1 32. Nxe4 Qb1+ 33. Bg1 Rd8
34. Nc3 Qe1 35. Qc7 Rd3 0-1

[Event "18. Obert Int. Sant Marti 2016"]
[Site "Barcelona ESP"]
[Date "2016.07.17"]
[Round "5.9"]
[White "Munoz, Miguel"]
[Black "Vehi Bach, Victor Manuel"]
[Result "1-0"]
[WhiteElo "2477"]
[BlackElo "2298"]
[PlyCount "57"]
[EventDate "2016.07.13"]
[EventType "swiss"]
[EventRounds "9"]
[EventCountry "ESP"]
[SourceTitle "Ajedrez en Madrid"]
[Source "lmi"]
[SourceDate "2016.07.13"]
[SourceVersion "1"]
[SourceVersionDate "2019.06.21"]
[SourceQuality "1"]

1. e4 c5 2. Nf3 e6 3. g3 d5 4. exd5 exd5 5. d4 Nf6 6. Bg2 Be7 7. O-O O-O 8.
dxc5 Bxc5 9. Bg5 Nc6 10. Nc3 d4 11. Bxf6 Qxf6 12. Ne4 Qe7 13. Nh4 Bb6 14. Re1
Ba5 15. Re2 Bg4 16. f3 Be6 17. f4 Bc4 18. Rf2 f5 19. Nd2 Bxd2 20. Qxd2 Rad8 21.
Re1 Qc5 22. b3 Bd5 23. Bxd5+ Rxd5 24. Kg2 Rd6 25. Nf3 Qd5 26. Ree2 d3 27. c4
Qc5 28. Re3 Rfd8 29. Ng5 1-0

[Event "18. Obert Int. Sant Marti 2016"]
[Site "Barcelona ESP"]
[Date "2016.07.17"]
[Round "5.10"]
[White "Swayams, Mishra"]
[Black "Hernandez Moya, Yuleisy"]
[Result "1-0"]
[WhiteElo "2457"]
[BlackElo "2260"]
[PlyCount "177"]
[EventDate "2016.07.13"]
[EventType "swiss"]
[EventRounds "9"]
[EventCountry "ESP"]
[SourceTitle "Ajedrez en Madrid"]
[Source "lmi"]
[SourceDate "2016.07.13"]
[SourceVersion "1"]
[SourceVersionDate "2019.06.21"]
[SourceQuality "1"]

1. d4 Nf6 2. c4 e6 3. Nc3 Bb4 4. e3 O-O 5. Nge2 d5 6. a3 Bd6 7. Ng3 c5 8. dxc5
Bxc5 9. cxd5 exd5 10. Bd3 Nc6 11. Nh5 Be6 12. O-O Nxh5 13. Qxh5 g6 14. Qe2 Re8
15. b4 Bf8 16. Bb2 Qh4 17. Nb5 Rac8 18. Qf3 a6 19. g3 Qd8 20. Nd4 Nxd4 21. Bxd4
Bg7 22. Bxg7 Kxg7 23. Rac1 Qf6 24. Qxf6+ Kxf6 25. Kg2 Rxc1 26. Rxc1 Rc8 27.
Rxc8 Bxc8 28. Kf1 Ke5 29. f4+ Kd6 30. Ke2 h5 31. Kd2 b6 32. Kc3 a5 33. bxa5
bxa5 34. Kd4 Bd7 35. Bc2 Bg4 36. h4 Bf5 37. Bb3 Be4 38. Ba4 Bf3 39. Bc2 Bg4 40.
Bd3 Bf5 41. Bb5 Be4 42. Be2 Bf5 43. Bf3 Be6 44. Bg2 f5 45. Bf3 Bf7 46. Be2 Be8
47. Bd1 Bd7 48. Bc2 Be8 49. Bd3 Bd7 50. Ba6 Bc6 51. Bc8 Ba8 52. Kd3 Bc6 53. Kc3
Ke7 54. Kd4 Kd6 55. Ba6 Bd7 56. Bb7 Be6 57. Ba6 Bd7 58. Be2 Ba4 59. Bf3 Bc6 60.
Bd1 Bd7 61. Bc2 Be8 62. Bb1 Bc6 63. Bc2 Bd7 64. Bd3 Be8 65. Bf1 Ba4 66. Bg2 Bc6
67. Bf3 Bb7 68. Bd1 Bc6 69. Bb3 a4 70. Bd1 Bb5 71. Bc2 Be8 72. Bd3 Bd7 73. Ba6
Bc6 74. Bc8 Be8 75. Kc3 Kc5 76. Be6 Kd6 77. Bg8 Kc5 78. Kd3 Bb5+ 79. Kd2 Kc4
80. Bf7 Kb3 81. Bxd5+ Kxa3 82. Kc3 Be2 83. e4 Bf3 84. Bf7 fxe4 85. Bxg6 e3 86.
f5 e2 87. Kd2 Kb2 88. f6 a3 89. Bf7 1-0

[Event "18. Obert Int. Sant Marti 2016"]
[Site "Barcelona ESP"]
[Date "2016.07.17"]
[Round "5.11"]
[White "Anurag, Mhamal"]
[Black "Ibanez Aullana, Ramon"]
[Result "1-0"]
[WhiteElo "2392"]
[BlackElo "2258"]
[PlyCount "107"]
[EventDate "2016.07.13"]
[EventType "swiss"]
[EventRounds "9"]
[EventCountry "ESP"]
[SourceTitle "Ajedrez en Madrid"]
[Source "lmi"]
[SourceDate "2016.07.13"]
[SourceVersion "1"]
[SourceVersionDate "2019.06.21"]
[SourceQuality "1"]

1. Nf3 e6 2. g3 b6 3. Bg2 Bb7 4. O-O g5 5. d4 g4 6. Ne5 Bxg2 7. Kxg2 h5 8. Qd3
d6 9. Qb5+ c6 10. Nxc6 Qd7 11. d5 Ne7 12. Nd4 Nxd5 13. a4 a6 14. Qxd7+ Nxd7 15.
c4 Ne7 16. Rd1 Bg7 17. Nc2 Rc8 18. Ne3 Nc5 19. Ra3 Nb7 20. Nc3 Nc6 21. Ne4 Kd7
22. Rad3 Be5 23. b3 Ke7 24. Ba3 Rcd8 25. b4 f5 26. Nc3 a5 27. bxa5 bxa5 28. Rb1
Nb4 29. Bxb4 axb4 30. Na2 Nc5 31. Nxb4 Kd7 32. Rdd1 Nxa4 33. Nd3 Kc6 34. Rb5
Nc5 35. Rxc5+ dxc5 36. Nxe5+ Kc7 37. Nd3 h4 38. gxh4 Rxh4 39. Nxc5 Rxd1 40.
Nxd1 Kd6 41. Nd3 e5 42. Ne3 Ke6 43. Nc5+ Kf6 44. Nd5+ Kf7 45. e4 f4 46. Nd3 Ke6
47. c5 f3+ 48. Kg3 Rh3+ 49. Kxg4 Rxh2 50. c6 Rh8 51. c7 Kd6 52. Kxf3 Re8 53.
Ke3 Rf8 54. Nxe5 1-0

[Event "18. Obert Int. Sant Marti 2016"]
[Site "Barcelona ESP"]
[Date "2016.07.17"]
[Round "5.12"]
[White "Vassallo Barroche, Mauricio"]
[Black "Gautier, Anand"]
[Result "1-0"]
[WhiteElo "2389"]
[BlackElo "2186"]
[PlyCount "85"]
[EventDate "2016.07.13"]
[EventType "swiss"]
[EventRounds "9"]
[EventCountry "ESP"]
[SourceTitle "Ajedrez en Madrid"]
[Source "lmi"]
[SourceDate "2016.07.13"]
[SourceVersion "1"]
[SourceVersionDate "2019.06.21"]
[SourceQuality "1"]

1. d4 Nf6 2. Nf3 g6 3. Bg5 Bg7 4. Nbd2 d5 5. e3 O-O 6. Be2 Nbd7 7. O-O c6 8. c4
h6 9. Bh4 b6 10. cxd5 cxd5 11. Rc1 Bb7 12. Qa4 a6 13. Qa3 Rc8 14. Rxc8 Bxc8 15.
Bxa6 Bxa6 16. Qxa6 Qc7 17. Bg3 Qc2 18. Qb5 Ra8 19. a3 Ra5 20. Qb4 Ra4 21. Qb3
Rc4 22. Qb5 Rc8 23. Nb1 e6 24. Nc3 Rxc3 25. bxc3 Qxc3 26. Bd6 Bf8 27. Bxf8 Nxf8
28. a4 Qc2 29. Ne5 g5 30. Qxb6 Qxa4 31. Qc7 N6d7 32. h4 Nxe5 33. Qxe5 Ng6 34.
Qb8+ Kg7 35. hxg5 hxg5 36. Qd8 f6 37. Rc1 Nh4 38. Qe7+ Kg6 39. Qxe6 Qb3 40.
Qe8+ Kf5 41. Qd7+ Kg6 42. Rc7 Kh5 43. g4+ 1-0

[Event "18. Obert Int. Sant Marti 2016"]
[Site "Barcelona ESP"]
[Date "2016.07.17"]
[Round "5.13"]
[White "Sanchez Jerez, Emilio Miguel"]
[Black "Himanshu, Sharma"]
[Result "0-1"]
[WhiteElo "2201"]
[BlackElo "2389"]
[PlyCount "120"]
[EventDate "2016.07.13"]
[EventType "swiss"]
[EventRounds "9"]
[EventCountry "ESP"]
[SourceTitle "Ajedrez en Madrid"]
[Source "lmi"]
[SourceDate "2016.07.13"]
[SourceVersion "1"]
[SourceVersionDate "2019.06.21"]
[SourceQuality "1"]

1. e4 c5 2. Nf3 Nc6 3. d4 cxd4 4. Nxd4 e6 5. Nc3 Qc7 6. g3 a6 7. Bg2 Nf6 8. O-O
Be7 9. Re1 O-O 10. Nxc6 dxc6 11. e5 Rd8 12. Qe2 Nd5 13. Ne4 Qxe5 14. c4 Nf6 15.
Bg5 Qf5 16. g4 Qa5 17. a3 Qc7 18. Rad1 Nxe4 19. Bxe7 Rxd1 20. Rxd1 Qxe7 21.
Qxe4 Bd7 22. Qd4 Be8 23. Qb6 Rc8 24. b4 Rc7 25. a4 h6 26. h3 Kh7 27. a5 g6 28.
f4 g5 29. Be4+ Kg7 30. fxg5 hxg5 31. Qd4+ Qf6 32. Qd8 Qxd8 33. Rxd8 Kf8 34. Rb8
Ke7 35. Kf2 Bd7 36. Ke3 Bc8 37. Kd4 Kd8 38. Kc5 Rd7 39. b5 cxb5 40. cxb5 Kc7
41. Ra8 axb5 42. Kxb5 Rd4 43. Bg2 Rd2 44. Bf3 Rd3 45. Bg2 Rg3 46. Bf1 Rg1 47.
Bc4 Ra1 48. Kc5 b6+ 49. Kd4 Rxa5 50. Rxa5 bxa5 51. Ke5 a4 52. Kf6 Kd6 53. Kxg5
Bb7 54. h4 Bd5 55. Bd3 a3 56. Bb1 Ke7 57. h5 a2 58. Bxa2 Bxa2 59. Kh6 Bb1 60.
Kg7 f6 0-1

[Event "18. Obert Int. Sant Marti 2016"]
[Site "Barcelona ESP"]
[Date "2016.07.17"]
[Round "5.14"]
[White "Perpinya Rofes, Lluis Maria"]
[Black "Mendonca, Leon Luke"]
[Result "1-0"]
[WhiteElo "2373"]
[BlackElo "1964"]
[PlyCount "121"]
[EventDate "2016.07.13"]
[EventType "swiss"]
[EventRounds "9"]
[EventCountry "ESP"]
[SourceTitle "Ajedrez en Madrid"]
[Source "lmi"]
[SourceDate "2016.07.13"]
[SourceVersion "1"]
[SourceVersionDate "2019.06.21"]
[SourceQuality "1"]

1. e4 c5 2. Nf3 d6 3. d4 cxd4 4. Nxd4 Nf6 5. Nc3 g6 6. Be3 Bg7 7. f3 O-O 8. Bc4
Nc6 9. Qe2 Na5 10. Bd3 e5 11. Nb3 Nxb3 12. axb3 d5 13. exd5 Nxd5 14. Nxd5 Qxd5
15. O-O Be6 16. Be4 Qd7 17. Rfd1 Qc7 18. Qb5 Bf5 19. Bxf5 gxf5 20. c3 Rfd8 21.
Rxd8+ Rxd8 22. Bxa7 Qd7 23. Qxd7 Rxd7 24. Kf1 Bf6 25. Ke2 Rd5 26. b4 Kg7 27.
Ra5 Rd7 28. Rb5 Kg6 29. Bb8 e4 30. Bf4 Re7 31. Ke3 Bg5 32. Bxg5 Kxg5 33. fxe4
Rxe4+ 34. Kf3 Re7 35. g4 Rd7 36. Rxf5+ Kg6 37. Ke3 Re7+ 38. Kd3 Rd7+ 39. Kc2
Re7 40. Rb5 Re2+ 41. Kb3 Rxh2 42. Rxb7 Rg2 43. Rc7 Rxg4 44. b5 Kg7 45. c4 Rg3+
46. Kb4 Rg2 47. b3 Ra2 48. b6 Ra8 49. b7 Rb8 50. c5 h5 51. c6 h4 52. Rc8 h3 53.
Rxb8 h2 54. Rg8+ Kxg8 55. b8=Q+ Kg7 56. Qxh2 f5 57. Qd6 f4 58. c7 f3 59. c8=Q
f2 60. Qcf8+ Kh7 61. Qdh6# 1-0

[Event "18. Obert Int. Sant Marti 2016"]
[Site "Barcelona ESP"]
[Date "2016.07.17"]
[Round "5.15"]
[White "Garcia Trobat, Francisco"]
[Black "Ortiz Suarez, Isan Reynaldo"]
[Result "0-1"]
[WhiteElo "2269"]
[BlackElo "2580"]
[PlyCount "54"]
[EventDate "2016.07.13"]
[EventType "swiss"]
[EventRounds "9"]
[EventCountry "ESP"]
[SourceTitle "Ajedrez en Madrid"]
[Source "lmi"]
[SourceDate "2016.07.13"]
[SourceVersion "1"]
[SourceVersionDate "2019.06.21"]
[SourceQuality "1"]

1. d4 f5 2. e4 fxe4 3. Nc3 Nf6 4. Bg5 Nc6 5. d5 Ne5 6. Qe2 Nf7 7. Bxf6 exf6 8.
Nxe4 Bb4+ 9. c3 Be7 10. d6 cxd6 11. O-O-O O-O 12. f4 Re8 13. Qh5 Qc7 14. Nh3 b5
15. Bd3 g6 16. Nxf6+ Bxf6 17. Bxg6 hxg6 18. Qxg6+ Bg7 19. Ng5 Qc4 20. Rd4 Qxa2
21. c4 Re7 22. f5 Qa1+ 23. Kc2 Re2+ 24. Kd3 Ne5+ 25. Kxe2 Qxb2+ 26. Rd2 Qxd2+
27. Kxd2 Nxg6 0-1

[Event "18. Obert Int. Sant Marti 2016"]
[Site "Barcelona ESP"]
[Date "2016.07.17"]
[Round "5.16"]
[White "Narciso Dublan, Marc"]
[Black "Lan, Zilun"]
[Result "0-1"]
[WhiteElo "2504"]
[BlackElo "2250"]
[PlyCount "144"]
[EventDate "2016.07.13"]
[EventType "swiss"]
[EventRounds "9"]
[EventCountry "ESP"]
[SourceTitle "Ajedrez en Madrid"]
[Source "lmi"]
[SourceDate "2016.07.13"]
[SourceVersion "1"]
[SourceVersionDate "2019.06.21"]
[SourceQuality "1"]

1. d4 Nf6 2. c4 e6 3. Nc3 d5 4. cxd5 exd5 5. Bg5 c6 6. e3 Be7 7. Bd3 Na6 8.
Bxa6 bxa6 9. Nge2 O-O 10. O-O a5 11. Rc1 h6 12. Bh4 Bf5 13. Na4 Rc8 14. Bxf6
Bxf6 15. Qd2 Be7 16. Nc5 Rb8 17. Ng3 Bg6 18. Rc3 Rb5 19. Rfc1 Qd6 20. Nd3 Rc8
21. Rc5 Rxc5 22. Nxc5 Qb8 23. Ne2 Qb4 24. Qxb4 axb4 25. Nf4 Bf5 26. Kf1 Kf8 27.
Ke2 Rb8 28. h3 Bd6 29. g4 Bc8 30. Kf3 Ke7 31. h4 Bd7 32. Nh5 Rg8 33. Nxd7 Kxd7
34. Nf4 a5 35. Nd3 Re8 36. Rg1 g6 37. Ke2 Rg8 38. f4 Ke7 39. Kf3 Kd7 40. Rg2
Ke7 41. Rc2 Kd7 42. Nf2 h5 43. g5 Rb8 44. Rc1 Rb6 45. e4 Ke6 46. e5 Be7 47. Nd1
c5 48. Ne3 Rc6 49. f5+ gxf5 50. Ng2 Kd7 51. Nf4 cxd4 52. Rxc6 Kxc6 53. Nxh5 Kd7
54. Ng7 Bf8 55. Nxf5 d3 56. Ke3 Ke6 57. Nh6 Bg7 58. Ng4 Kf5 59. Nf2 d2 60. Kxd2
Bxe5 61. Nd3 Bd4 62. a3 bxa3 63. bxa3 Kg4 64. Ke2 Bg7 65. a4 Kxh4 66. g6 fxg6
67. Nf4 g5 68. Nxd5 Kg3 69. Ne3 Be5 70. Kf1 Kf3 71. Ng2 Bc3 72. Kg1 Bd4+ 0-1

[Event "18. Obert Int. Sant Marti 2016"]
[Site "Barcelona ESP"]
[Date "2016.07.17"]
[Round "5.17"]
[White "Arizmendi Martinez, Julen Luis"]
[Black "Larsson, Anders"]
[Result "1-0"]
[WhiteElo "2501"]
[BlackElo "2226"]
[PlyCount "97"]
[EventDate "2016.07.13"]
[EventType "swiss"]
[EventRounds "9"]
[EventCountry "ESP"]
[SourceTitle "Ajedrez en Madrid"]
[Source "lmi"]
[SourceDate "2016.07.13"]
[SourceVersion "1"]
[SourceVersionDate "2019.06.21"]
[SourceQuality "1"]

1. d4 e6 2. c4 d5 3. Nc3 Be7 4. Nf3 Nf6 5. Bg5 O-O 6. e3 c6 7. Bd3 Nbd7 8. O-O
dxc4 9. Bxc4 Nd5 10. Bxe7 Qxe7 11. Ne4 N5f6 12. Ng3 c5 13. e4 Nb6 14. Bb3 cxd4
15. e5 Nfd5 16. a3 Bd7 17. Qxd4 f5 18. exf6 Qxf6 19. Rfe1 Rac8 20. Rad1 Kh8 21.
Ne4 Qxd4 22. Nxd4 Nf4 23. Nd6 Rc7 24. f3 Ba4 25. g3 Rd7 26. gxf4 Rxd6 27. Bxa4
Nxa4 28. Nxe6 Rxd1 29. Rxd1 Re8 30. Rd7 h6 31. f5 Nxb2 32. Rxb7 Nc4 33. Rxa7
Nd6 34. Nxg7 Rf8 35. a4 Nxf5 36. Nxf5 Rxf5 37. Kf2 Rh5 38. Kg3 Rg5+ 39. Kf4 Rh5
40. Kg3 Rg5+ 41. Kf4 Rh5 42. a5 Rxh2 43. a6 Ra2 44. Kg4 Ra5 45. f4 Kg8 46. f5
Kf8 47. f6 Ra1 48. Kh5 Rh1+ 49. Kg6 1-0

[Event "18. Obert Int. Sant Marti 2016"]
[Site "Barcelona ESP"]
[Date "2016.07.17"]
[Round "5.18"]
[White "Gomez Jurado, Luis Alberto"]
[Black "Ortega Amarelle, Mariano"]
[Result "0-1"]
[WhiteElo "2244"]
[BlackElo "2465"]
[PlyCount "126"]
[EventDate "2016.07.13"]
[EventType "swiss"]
[EventRounds "9"]
[EventCountry "ESP"]
[SourceTitle "Ajedrez en Madrid"]
[Source "lmi"]
[SourceDate "2016.07.13"]
[SourceVersion "1"]
[SourceVersionDate "2019.06.21"]
[SourceQuality "1"]

1. c4 c6 2. Nf3 d5 3. g3 g6 4. Bg2 Bg7 5. O-O Nf6 6. b3 Ne4 7. d4 O-O 8. Bb2
Nd7 9. Nbd2 Ndf6 10. Ne5 Bf5 11. Ndf3 Rc8 12. e3 Qa5 13. Nh4 Be6 14. f3 Nd6 15.
c5 g5 16. cxd6 exd6 17. Nd3 gxh4 18. g4 Rce8 19. h3 Bc8 20. b4 Qd8 21. Qd2 Nd7
22. Qf2 Nb6 23. Rae1 f5 24. Qc2 fxg4 25. hxg4 h5 26. gxh5 Qg5 27. f4 Qxh5 28.
Bf3 Qg6+ 29. Kf2 Bf5 30. Ke2 Nc4 31. Bc1 Bg4 32. Rg1 Bxf3+ 33. Kxf3 Qe4+ 34.
Kf2 Kf7 35. Qe2 Bf6 36. Qh5+ Ke7 37. Qg6 Rg8 38. Qxe4+ dxe4 39. Nb2 Nxb2 40.
Bxb2 h3 41. Rxg8 Rxg8 42. Rg1 Bh4+ 43. Kf1 Rxg1+ 44. Kxg1 Bg3 45. a4 Ke6 46. b5
cxb5 47. axb5 a5 48. bxa6 bxa6 49. Bc3 d5 50. Bd2 Kf5 51. Kh1 Kg4 52. Kg1 Bh4
53. Kh2 Bd8 54. Bb4 Bc7 55. Be7 a5 56. Bf8 a4 57. Bb4 Bd8 58. Kh1 Bh4 59. Kg1
Bg3 60. Ba3 Be1 61. Bc1 Bb4 62. Kh2 a3 63. f5 Bd6+ 0-1

[Event "18. Obert Int. Sant Marti 2016"]
[Site "Barcelona ESP"]
[Date "2016.07.17"]
[Round "5.19"]
[White "Debashis, Das"]
[Black "Bannink, Bernard"]
[Result "1-0"]
[WhiteElo "2451"]
[BlackElo "2232"]
[PlyCount "97"]
[EventDate "2016.07.13"]
[EventType "swiss"]
[EventRounds "9"]
[EventCountry "ESP"]
[SourceTitle "Ajedrez en Madrid"]
[Source "lmi"]
[SourceDate "2016.07.13"]
[SourceVersion "1"]
[SourceVersionDate "2019.06.21"]
[SourceQuality "1"]

1. Nf3 d5 2. g3 Nf6 3. Bg2 Bg4 4. c4 c6 5. Ne5 Bf5 6. cxd5 cxd5 7. Qb3 Nc6 8.
Nxc6 bxc6 9. d3 g6 10. O-O Bg7 11. Nc3 O-O 12. Bf4 Nh5 13. Bd2 Rb8 14. Qc2 e5
15. Rac1 Re8 16. b3 Nf6 17. e4 Be6 18. Na4 Bf8 19. Bg5 h6 20. Be3 d4 21. Bd2
Kh7 22. h3 Ba3 23. Rce1 c5 24. f4 Nh5 25. Rf3 exf4 26. g4 Nf6 27. Bxf4 Rc8 28.
Ref1 Ng8 29. Nb2 Bxb2 30. Qxb2 g5 31. Be5 Rf8 32. Qf2 f6 33. Bxf6 Nxf6 34. Rxf6
Rxf6 35. Qxf6 Qxf6 36. Rxf6 Re8 37. e5 Kg7 38. Be4 Bf7 39. Ra6 Rxe5 40. Rxa7
Kf6 41. Kf2 Re7 42. Ra6+ Kg7 43. Rb6 Be6 44. a4 Kf7 45. a5 c4 46. bxc4 h5 47.
a6 hxg4 48. Rb7 gxh3 49. Rxe7+ 1-0

[Event "18. Obert Int. Sant Marti 2016"]
[Site "Barcelona ESP"]
[Date "2016.07.17"]
[Round "5.20"]
[White "Glimbrant, Torbjorn"]
[Black "Aguero Jimenez, Luis Lazaro"]
[Result "1/2-1/2"]
[WhiteElo "2203"]
[BlackElo "2415"]
[PlyCount "140"]
[EventDate "2016.07.13"]
[EventType "swiss"]
[EventRounds "9"]
[EventCountry "ESP"]
[SourceTitle "Ajedrez en Madrid"]
[Source "lmi"]
[SourceDate "2016.07.13"]
[SourceVersion "1"]
[SourceVersionDate "2019.06.21"]
[SourceQuality "1"]

1. Nf3 c5 2. c4 Nc6 3. Nc3 g6 4. e3 Bg7 5. d4 d6 6. Be2 cxd4 7. exd4 Nf6 8. O-O
O-O 9. d5 Nb8 10. h3 Na6 11. Be3 Nc5 12. Rc1 Qb6 13. b3 Bd7 14. Re1 a6 15. Bf1
Rfe8 16. Qd2 Qa5 17. Bh6 Bh8 18. Nd4 Rab8 19. Rb1 Nfe4 20. Nxe4 Qxd2 21. Bxd2
Bxd4 22. Nxc5 dxc5 23. Be3 Bxe3 24. Rxe3 e6 25. dxe6 Rxe6 26. Rxe6 Bxe6 27. b4
Bf5 28. Rb3 cxb4 29. Rxb4 Be4 30. c5 Re8 31. g3 Re5 32. f4 Re7 33. Bg2 Bxg2 34.
Kxg2 Rc7 35. Rc4 b6 36. Kf3 bxc5 37. Ke4 f5+ 38. Ke5 Kf7 39. Kd6 Re7 40. Rxc5
Re3 41. g4 fxg4 42. hxg4 Re4 43. g5 Rxf4 44. Rc7+ Kg8 45. Ke6 Rf5 46. Rc8+ Rf8
47. Rc6 Ra8 48. a4 a5 49. Rb6 Re8+ 50. Kf6 Rf8+ 51. Ke6 h6 52. Rb5 Ra8 53. gxh6
Kh7 54. Kd6 Kxh6 55. Kc7 g5 56. Kb7 Rf8 57. Rxa5 Rf4 58. Ra8 g4 59. a5 Rf7+ 60.
Kc6 Rf6+ 61. Kb7 g3 62. Rg8 Rf7+ 63. Kb6 Rg7 64. Rh8+ Kg5 65. Rh1 Kf4 66. a6 g2
67. Rg1 Kf3 68. a7 Rxa7 69. Kxa7 Kf2 70. Rxg2+ Kxg2 1/2-1/2

[Event "18. Obert Int. Sant Marti 2016"]
[Site "Barcelona ESP"]
[Date "2016.07.17"]
[Round "5.21"]
[White "Valdes Romero, Leonardo"]
[Black "Brzezinski, Adam"]
[Result "1/2-1/2"]
[WhiteElo "2411"]
[BlackElo "2208"]
[PlyCount "76"]
[EventDate "2016.07.13"]
[EventType "swiss"]
[EventRounds "9"]
[EventCountry "ESP"]
[SourceTitle "Ajedrez en Madrid"]
[Source "lmi"]
[SourceDate "2016.07.13"]
[SourceVersion "1"]
[SourceVersionDate "2019.06.21"]
[SourceQuality "1"]

1. Nf3 c5 2. c4 Nc6 3. Nc3 g6 4. g3 Bg7 5. Bg2 b6 6. O-O Bb7 7. e3 Bxc3 8. bxc3
d6 9. d3 Qd7 10. e4 O-O-O 11. Ne1 h5 12. Nc2 h4 13. Qe2 Rf8 14. Bd2 Na5 15. Ne3
e6 16. Rfe1 Kb8 17. Nf1 Ne7 18. Rad1 Nec6 19. Bc1 e5 20. f4 hxg3 21. hxg3 f6
22. Be3 exf4 23. gxf4 Ba6 24. Qf3 g5 25. f5 Ne5 26. Qg3 Qc7 27. Bc1 Rh4 28. Ne3
Qh7 29. d4 Nexc4 30. Nd5 Bb7 31. Nxf6 Rxf6 32. Bxg5 Rfh6 33. Bxh4 Rxh4 34. Re2
Qh5 35. Bf3 Qh6 36. Bg2 Qh5 37. Bf3 Qh6 38. Bg2 Qh5 1/2-1/2

[Event "18. Obert Int. Sant Marti 2016"]
[Site "Barcelona ESP"]
[Date "2016.07.17"]
[Round "5.22"]
[White "Rathanvel, V S."]
[Black "Martorell Aguado, Joan"]
[Result "1-0"]
[WhiteElo "2374"]
[BlackElo "2219"]
[PlyCount "59"]
[EventDate "2016.07.13"]
[EventType "swiss"]
[EventRounds "9"]
[EventCountry "ESP"]
[SourceTitle "Ajedrez en Madrid"]
[Source "lmi"]
[SourceDate "2016.07.13"]
[SourceVersion "1"]
[SourceVersionDate "2019.06.21"]
[SourceQuality "1"]

1. e4 c5 2. Nf3 d6 3. d4 cxd4 4. Nxd4 Nf6 5. Nc3 Nc6 6. Bg5 e6 7. Qd2 a6 8.
O-O-O Bd7 9. f3 Be7 10. h4 h6 11. Be3 h5 12. Kb1 Qc7 13. Bg5 Ne5 14. Be2 b5 15.
a3 Rb8 16. f4 Nc4 17. Bxc4 bxc4 18. Ka2 Qb7 19. Rb1 Nxe4 20. Nxe4 Qxe4 21. Bxe7
Kxe7 22. Rhe1 Qd5 23. Qc3 g6 24. Rbd1 Qxg2 25. f5 e5 26. Nf3 gxf5 27. Qd4 Rh6
28. Nxe5 Re6 29. Nxd7 Kxd7 30. Rxe6 1-0